000 00958nam a22002055i 4500
001 163883
003 ES-MaACL
005 20230906212829.0
008 950206s1876 sp |||| | spa d
100 1 _aRojas y Caballero Infante, Francisco de Paula.
_999083
245 1 0 _aTermodinámica :
_bsu historia, sus aplicaciones y su importancia : memoria premiada en concurso público por el Ateneo Barcelonés /
_cescrita por D. Francisco de Paula Rojas y Caballero Infante ; edición costeada por el Ateneo Barcelonés.
260 _aBarcelona :
_b[s.n.],
_c1876 (
_fEst. Tip. de Luis Tasso)
300 _aVIII, 147 p. ;
_c28 cm.
530 _aDisponible en formato digital.
597 _aAntep.
650 4 _aTermodinámica.
_917486
710 2 _aAteneu Barcelonès.
_92060
852 4 _aES-MaACL
_jB-1611
_z- Enc. hol.
856 4 _uhttp://www.bibliotecavirtualdeandalucia.es/catalogo/es/consulta/registro.do?id=1037478
_zBiblioteca Virtual de Andalucía
999 _c163883
_d163883